[Event "Pan American-ch U08"]
[Site "San Jose"]
[Date "2017.07.03"]
[Round "4"]
[White "Prestia, Sebastian"]
[Black "Nath, Nitish"]
[Result "1-0"]
[WhiteElo "1548"]
[BlackElo "1308"]
[PlyCount "151"]
[EventDate "2017.07.01"]
[EventType "swiss"]
[EventRounds "9"]
[EventCountry "CRI"]
[SourceTitle "EXT 2022"]
[Source "ChessBase"]
[SourceDate "2021.10.06"]
[SourceVersion "1"]
[SourceVersionDate "2021.10.06"]
[SourceQuality "1"]

1. d4 Nf6 2. c4 g6 3. Nc3 d5 4. cxd5 Nxd5 5. e4 Nxc3 6. bxc3 Bg7 7. Bc4 c5 8. Ne2 0-0 9. Be3 Nc6 10. 0-0 Qc7 11. Qa4 Bd7 12. Qd1 Rad8 13. Rc1 Bc8 14. Bb3 b6 15. d5 Na5 16. c4 Nxb3 17. axb3 a5 18. Nc3 Bd7 19. f4 f6 20. Na4 Be8 21. Nc3 Bd7 22. Bd2 Be8 23. h3 Bd7 24. Rf2 Qc8 25. Qf3 Kh8 26. Na4 Qc7 27. Be3 Be8 28. Nc3 Bd7 29. Kh1 Qc8 30. Na4 Qc7 31. g4 h6 32. f5 g5 33. h4 Kh7 34. Rh2 Kg8 35. Qh3 Qe5 36. Qf3 Qc7 37. hxg5 fxg5 38. Rh3 Bxa4 39. bxa4 Qe5 40. Bd2 Qb2 41. Rh2 Qf6 42. Bc3 Qd6 43. Bxg7 Kxg7 44. Qc3+ Qf6 45. Qxf6+ exf6 46. Kg2 Rd6 47. Rch1 Rh8 48. Kf3 Rd7 49. Rb2 Rb8 50. Rhb1 Rdb7 51. Rh1 Rh8 52. Rbh2 Rd7 53. e5 fxe5 54. Ke4 Rdd8 55. Rd2 Rd7 56. Rdh2 Rdd8 57. Rd2 Rd7 58. d6 Re8 59. Kd5 Rxd6+ 60. Kxd6 Rd8+ 61. Ke7 Rxd2 62. f6+ Kg6 63. Rf1 Rd7+ 64. Kxd7 Kf7 65. Kd6 e4 66. Ke5 e3 67. Re1 h5 68. gxh5 g4 69. Rxe3 b5 70. axb5 a4 71. b6 a3 72. Rxa3 g3 73. Rxg3 Ke8 74. Rg7 Kf8 75. Ke6 Ke8 76. Rg8# 1-0

[Event "Windsor NAYCC U08"]
[Site "Windsor"]
[Date "2016.08.10"]
[Round "7.166"]
[White "Prestia, Sebastian"]
[Black "Huang, Brian"]
[Result "0-1"]
[WhiteElo "1385"]
[BlackElo "1783"]
[PlyCount "112"]
[EventDate "2016.08.07"]
[EventType "swiss"]
[EventRounds "9"]
[EventCountry "CAN"]
[SourceTitle "EXT 2022"]
[Source "ChessBase"]
[SourceDate "2021.10.06"]
[SourceVersion "1"]
[SourceVersionDate "2021.10.06"]
[SourceQuality "1"]

1. d4 Nf6 2. c4 g6 3. Nc3 d5 4. cxd5 Nxd5 5. e4 Nxc3 6. bxc3 Bg7 7. Bc4 0-0 8. Ne2 c5 9. Be3 cxd4 10. Nxd4 Nc6 11. 0-0 Bd7 12. Nxc6 Bxc6 13. Bd4 Bxe4 14. Bxg7 Qxd1 15. Raxd1 Kxg7 16. Rfe1 Bf5 17. Rxe7 b6 18. Bd3 Rad8 19. Be2 Rfe8 20. Rxe8 Rxe8 21. Bf1 h5 22. h3 Be6 23. Re1 Rd8 24. Re2 Rd1 25. Rc2 Bc4 26. Kh2 Rxf1 27. Kg3 Ra1 28. Kf4 Bxa2 29. g4 hxg4 30. hxg4 Be6 31. f3 a5 32. Rb2 Rc1 33. Rxb6 Rxc3 34. Ra6 Ra3 35. Ke4 Ra1 36. Kf4 a4 37. Ke4 a3 38. Kf4 a2 39. Ke4 Re1+ 40. Kf4 a1Q 41. Rxa1 Rxa1 42. Ke4 Rf1 43. g5 Bd5+ 44. Kxd5 Rxf3 45. Ke4 Rg3 46. Kf4 Rg1 47. Kf3 Rxg5 48. Kf2 Rf5+ 49. Kg3 g5 50. Kg2 Kg6 51. Kg3 Kh5 52. Kh3 Rf3+ 53. Kg2 Kg4 54. Kh1 Kg3 55. Kg1 f5 56. Kh1 Rf1# 0-1